Measurements and Instrumentation/ (Record no. 13702)
[ view plain ]
| 000 -LEADER | |
|---|---|
| fixed length control field | 00782nam a22001937a 4500 |
| 008 - FIXED-LENGTH DATA ELEMENTS--GENERAL INFORMATION | |
| fixed length control field | 100316s2008 ii|||||r|||| 001 0 eng d |
| 020 ## - INTERNATIONAL STANDARD BOOK NUMBER | |
| International Standard Book Number | 9788184313239 |
| 082 ## - DEWEY DECIMAL CLASSIFICATION NUMBER | |
| Edition number | 22 |
| Classification number | 621.381548 |
| Item number | BAK |
| 100 ## - MAIN ENTRY--PERSONAL NAME | |
| 9 (RLIN) | 12771 |
| Personal name | Bakshi, Uday A. |
| 245 ## - TITLE STATEMENT | |
| Title | Measurements and Instrumentation/ |
| Statement of responsibility, etc | Uday A. Bakshi and Ajay V. Bakshi |
| 250 ## - EDITION STATEMENT | |
| Edition statement | 3rd ed. rev. |
| 260 ## - PUBLICATION, DISTRIBUTION, ETC. (IMPRINT) | |
| Place of publication, distribution, etc | Pune: |
| Name of publisher, distributor, etc | Technical Publications, 2008 |
| Date of publication, distribution, etc | 2008 |
| 300 ## - PHYSICAL DESCRIPTION | |
| Extent | 1 v.: |
| Other physical details | ill.; |
| Dimensions | 24 cm. |
| 650 ## - SUBJECT ADDED ENTRY--TOPICAL TERM | |
| 9 (RLIN) | 12773 |
| Topical term or geographic name as entry element | Electronic instruments |
| 650 ## - SUBJECT ADDED ENTRY--TOPICAL TERM | |
| 9 (RLIN) | 12773 |
| Topical term or geographic name as entry element | Electronic instruments |
| 700 ## - ADDED ENTRY--PERSONAL NAME | |
| 9 (RLIN) | 12772 |
| Personal name | Bakshi, Ajay V. |
| 942 ## - ADDED ENTRY ELEMENTS (KOHA) | |
| Source of classification or shelving scheme | Dewey Decimal Classification |
| Item type | Book - Borrowing |
| Withdrawn status | Item status | Source of classification or shelving scheme | Damaged status | Not for loan | Vendor | Home library | Current library | Shelving location | Date acquired | Source of acquisition | Cost, normal purchase price | Serial Enumeration / chronology | Total Checkouts | Total Renewals | Full call number | Barcode | Date last seen | Date last borrowed | Koha item type |
|---|---|---|---|---|---|---|---|---|---|---|---|---|---|---|---|---|---|---|---|
| Dewey Decimal Classification | Alahram | Central Library | Central Library | First floor | 16/03/2010 | 73.00 | 29 | 3 | 8 | 621.381548 BAK | 000020239 | 15/07/2025 | 07/10/2012 | Book - Borrowing |